| 000 | 00667cam a22002171 4500 | ||
|---|---|---|---|
| 001 | ne 64000972 | ||
| 003 | DLC | ||
| 005 | 20260227111758.0 | ||
| 008 | 800107q19601969ua 000 0 eng | ||
| 010 | _ane 64000972 | ||
| 035 | _a(OCoLC)5850534 | ||
| 040 |
_aDLC _cNOsU _dOCoLC _dDLC |
||
| 042 | _apremarc | ||
| 050 | 0 | 0 |
_aDT107.83 _b.N333 1960z |
| 100 | 1 |
_aNasser, Gamal Abdel, _d1918-1970. |
|
| 245 | 1 | 4 |
_aThe philosophy of the revolution. _cIntrod. by Dorothy Thompson. |
| 260 |
_a[Cairo? _bNational Publication House Press, _c196-?] |
||
| 300 |
_a75 p. _c20 cm. |
||
| 651 | 0 |
_aEgypt _xHistory _xPhilosophy. |
|
| 651 | 0 |
_aEgypt _xPolitics and government _y1952-1970. |
|
| 999 |
_c46917 _d46917 |
||